| 000 | 00324nam a2200097 4500 | ||
|---|---|---|---|
| 008 | 240305b |||||||| |||| 00| 0 eng d | ||
| 245 |
_aThe North India Church Review _cedited by Karishma Martin |
||
| 260 |
_aNew Delhi _bThe North India Church review _cJan 2024 |
||
| 300 |
_avol. 54, no.01 _bill. _c28cm |
||
| 942 |
_2ddc _cSR _mNOR |
||
| 999 |
_c201207 _d201207 |
||